000
00283nam a22001097a 4500
008
170112b xxu||||| |||| 00| 0 eng d
020
_a
9780323011549
041
_a
eng
080
_2
2ND
_a
618.2
245
_a
CRITICAL THINKING IN MEDICAL-SURGICAL SETTINGS
_c
PREUSSER, W
942
_2
udc
_c
BK
999
_c
2749
_d
2749